IATA Codes in American International Airports - Statistics

General Stats
  • This quiz has been taken 190 times
  • The average score is 11 of 12
Answer Stats
Airport Location IATA Code % Correct
Los Angeles Intl Airport Los Angeles, CA LAX
100%
John F. Kennedy Intl Airport New York City, NY JFK
99%
Miami Intl Airport Miami, FL MIA
98%
Hartsflield-Jackson Atlanta Intl Airport Atlanta, GE ATL
97%
Boston Logan Intl Airport Boston, MA BOS
97%
Seattle Tacoma Intl Airport Seattle, WA SEA
97%
Dallas Fort Worth Intl Airport Dallas, TX DFW
93%
Phoenix Intl Airport Phoenix, AZ PHX
93%
Memphis Intl Airport Memphis,TN MEM
88%
Philadelphia Intl Airport Philadelphia, PA PHL
84%
Newark Liberty Intl Airport Newark, NJ EWR
78%
Orlando Intl Airport Orlando, FL MCO
70%
No matching quizzes found
Score Distribution
Percent of People with Each Score
Percentile by Number Answered
Your Score History
You have not taken this quiz